| 000 | 01086nam a22002177a 4500 | ||
|---|---|---|---|
| 005 | 20241112105538.0 | ||
| 008 | 240531b ||||| |||| 00| 0 eng d | ||
| 040 | _cSSBUL | ||
| 041 | _aMyanmar | ||
| 082 |
_223 _a၂၉၄.၃၄၄၃၅ ရေ _b၁၂၆၃၂ S-UOK |
||
| 100 | 0 |
_aရေဝတ၊ ဘဒ္ဒန္တ၊ သစ္စဒီပကဆရာတော်- _942476 |
|
| 245 | 1 | 0 |
_aဒိဋ္ဌိဝိစိကိစ္ဆာ ပဟာတဗ္ဗကထာ / _cဘဒ္ဒန္ထရေဝတ (သစ္စဒီဟာဆရာတော်) ။ |
| 260 |
_b[ထုတ်ဝေသူမပါ]၊ _c[ခုနှစ်မပါ]။ |
||
| 264 |
_a[နေရာမပါ]၊ _bပဋိပတ္တိသာသနာ့နုဂ္ဂဟအဖွဲ့၊ _c၂၀၀၁။ |
||
| 300 |
_a၁၆၀ စာမျက်နှာ ၊ _c၁၈ စင်တီ။ |
||
| 500 | _aS-UOK: U Ohn Kyaw S-SAT: Dr. Sai Aung Tun | ||
| 500 | _aS-KZN: Prof. Kyaw Zaw Naing | ||
| 650 | _aဝိပဿနာ | ||
| 650 | _aကမ္မဋ္ဌာန်း | ||
| 942 |
_2ddc _cBK1 |
||
| 999 |
_c35151 _d35151 |
||